Zahraničnoobchodná spolupráca SR a RK bakalárska práca

Salvato in:
Dettagli Bibliografici
Autore principale: Fábryová, Veronika
Ente Autore: Obchodná fakulta EU. Katedra medzinárodného obchodu
Altri autori: Belejová, Martina
Natura: Libro
Lingua:slovacco
Pubblicazione: Bratislava 2010
Tags: Aggiungi Tag
Nessun Tag, puoi essere il primo ad aggiungerne!!

MARC

LEADER 00000nam$a2200000$$$4500
001 0133944
005 20240320074641.3
041 0 |a slo 
044 |a SK 
245 1 0 |a Zahraničnoobchodná spolupráca SR a RK  |b bakalárska práca  |c Veronika Fábryová ; školiteľ: Martina Belejová 
264 1 |a Bratislava  |c 2010 
300 |a 55 s. 
100 1 |a Fábryová, Veronika 
700 1 |a Belejová, Martina 
710 2 |a Obchodná fakulta EU. Katedra medzinárodného obchodu